Statistics for Authors Quiz

Click here to take the quiz!

General Stats

  • This quiz has been taken 133 times
  • The average score is 6 of 15

Answer Stats

HintAnswer% Correct
Tom SawyerMark Twain
95%
The HobbitJ.R.R. Tolkien
92%
The Hunchback of Notre-DameVictor Hugo
84%
Peter PanJ.M. Barrie
58%
The WitchesRoald Dahl
57%
Black BeautyAnna Sewell
51%
The Secret GardenFrances Hodgson Burnett
36%
Anne of Green GablesL.M. Montgomery
35%
PinocchioCarlo Collodi
19%
Mr. StinkDavid Walliams
18%
The Enchanted WoodEnid Blyton
18%
Terrible TudorsTerry Deary
7%
PollyannaEleanor H. Porter
5%
Quagos the Armoured BeetleAdam Blade
3%
The Adventures of Robin HoodRoger Lancelyn Green
2%

Score Distribution

Percentile by Number Answered

Percent of People with Each Score

Your Score History

You have not taken this quiz